000 00994nam a2200241Ia 4500
001 18197
003 GE_BSU
008 181216s||||||||xx |||||||||||||| ||und||
020 _a978-9941-13-145-5
040 _cGE_BSU
100 _aანდრაზაშვილი,მარინა
245 _aგერმანული ენის გრამატიკა = Grammatik der deutschen Sprache : 4 წიგნად. წ.3: სინტაქსი I.
250 _aმე-2 გადამუშავებული და გავრცობილი გამოცემა
260 _aთბილისი
260 _bთბილისის უნ-ტის გამ-ბა
260 _c2009
300 _aგვ. 979-1306.;27სმ.
300 _eდანართი: გვ. 1303-1305.
541 _h25ლ.
653 _aGrammatik der deutschen Sprache
653 _aგერმანული ენის გრამატიკა
942 _cBK
999 _c51237
_d51237